| 000 | 00919cam a22002774a 4500 | ||
|---|---|---|---|
| 999 |
_c19534 _d19534 |
||
| 001 | 12887460 | ||
| 005 | 20170117082442.0 | ||
| 008 | 020808s2004 ohua 001 0 eng | ||
| 010 | _a 2002111171 | ||
| 020 | _a0324171897 (pbk.) | ||
| 035 | _a(DLC) 2002111171 | ||
| 040 |
_aDLC _cDLC _dDLC |
||
| 042 | _apcc | ||
| 050 | 0 | 0 |
_aHB172.5 _b.M36 2004 |
| 100 | 1 | _aMankiw, N. Gregory. | |
| 245 | 1 | 0 |
_aPrinciples of macroeconomics / _cN. Gregory Mankiw. |
| 246 | 3 | 0 | _aMacroeconomics |
| 250 | _a3rd ed. | ||
| 260 |
_aMason, Ohio : _bThomson/South-Western, _cc2004. |
||
| 300 |
_axxxi, 546 p. : _bcol. ill. ; _c26 cm. |
||
| 500 | _aIncludes index. | ||
| 650 | 0 | _aMacroeconomics. | |
| 942 |
_2lcc _cBOOKS _hHB172.5 .M36 2004 |
||